| 000 | 00617cam a2200229 4500 | ||
|---|---|---|---|
| 008 | 090401t1999 xxu||||| |||| 00| 0 eng d | ||
| 020 | _a0102588996 | ||
| 035 | _a(Sirsi) u91512 | ||
| 041 | _aeng | ||
| 050 | _a338.181 | ||
| 110 |
_aUnited Kingdom _bNational Audit Office _91350 |
||
| 245 | _aArable area payments scheme. | ||
| 260 |
_aLondon _bStationery Office _c1999 |
||
| 300 | _a92p. ; 30cm. | ||
| 350 | _a12.1 | ||
| 490 |
_aHCP _v223 |
||
| 650 | _aARABLE AREA PAYMENTS SCHEME | ||
| 690 | _aRURAL PRACTICE | ||
| 710 | _aMinistry of Agriculture Fisheries and Food | ||
| 942 | _n0 | ||
| 948 | _c23/02/1999 | ||
| 999 |
_c97651 _d97651 |
||